Vplyv periodického zaťaženia na preklz traktora Z-8011

Bibliographic Details
Main Authors: Drabant, Štefan, 1944- (Author), Semetko, Jozef, 1939- (Author)
Format: Article
Language:Slovak
PhysicalDescription:Grafy 8. Res. rus., angl., lit. 10 zázn.
Subjects:

MARC

LEADER 00000nab a2200000 a 4500
001 vtls000173601
003 SK-MaSNL
005 20260304024716.0
008 160204c1983 xo 0 slo
015 |a SNBRA19rr/mm-uuuuu 
035 |a CL0183713 
040 |a SNKBUCL  |b slo  |c SNKBUCL  |e AACR2 
041 0 |a slo 
044 |a xo  |c SK 
080 |a 631.372  |2 1981 
080 |a 629.114.2  |2 1981 
100 1 |a Drabant, Štefan,  |d 1944-  |4 aut  |9 114371 
245 1 0 |a Vplyv periodického zaťaženia na preklz traktora Z-8011  |c Štefan Drabant, Jozef Semetko 
300 |b Grafy 8. Res. rus., angl., lit. 10 zázn. 
650 0 7 |a traktory  |2 snkbucl  |9 26007 
655 7 |a články zo zborníkov  |2 snkbucl  |9 166140 
700 1 |a Semetko, Jozef,  |d 1939-  |4 aut  |9 38962 
773 0 |t Acta technologica agriculturae 24  |d Bratislava : Príroda, 1983  |g S. 15-32 
850 |a Slovenská národná knižnica v Martine  |a MTA001 
852 |a SNK  |b KIS3GCP 
958 |a NB 
958 |a RK 
992 |a RZB 
999 |c 2623213  |d 2625143